[Event "Landesklasse West 2011/2012"]
[Site "?"]
[Date "2011.04.01"]
[Round "8"]
[White "Petiko, Jakob"]
[Black "Weiß, Daniel"]
[Result "0-1"]
[WhiteElo "1929"]
[BlackElo "1783"]
[PlyCount "56"]
[EventDate "2011.??.??"]
[WhiteTeam "Schachclub Rochade Leinefelde"]
[BlackTeam "ESV Lok Meiningen"]

1. c4 e5 2. Nc3 d6 3. e4 c5 4. d3 g6 5. g3 Bg7 6. Bg2 Ne7 7. Be3 Nbc6 8. Qd2
O-O 9. Bh6 Nd4 10. O-O-O a6 11. h4 f6 12. Bxg7 Kxg7 13. Nge2 b5 14. f4 Bg4 15.
Bh3 Bxh3 16. Rxh3 b4 17. Nxd4 Qd7 18. Qg2 bxc3 19. Nf3 cxb2+ 20. Kb1 Qa4 21.
Rd2 Rab8 22. Rh1 Qa3 23. h5 Rb4 24. hxg6 Rfb8 25. Rxh7+ Kxg6 26. Rh6+ Kxh6 27.
Qh3+ Kg7 28. Qg4+ Kf8 0-1

[Event "Landesklasse West 2011/2012"]
[Site "?"]
[Date "2011.04.01"]
[Round "8"]
[White "Bötticher, Heinz-Wilfried"]
[Black "August, Daniel"]
[Result "1/2-1/2"]
[WhiteElo "1810"]
[BlackElo "1839"]
[PlyCount "83"]
[EventDate "2011.??.??"]
[WhiteTeam "SV Breitenworbis"]
[BlackTeam "TSG Ruhla"]

1. d4 d6 2. c4 Nf6 3. Nc3 g6 4. e4 Bg7 5. f4 O-O 6. Nf3 c5 7. d5 e6 8. Be2 exd5
9. cxd5 Re8 10. e5 dxe5 11. fxe5 Ng4 12. Bg5 Qa5 13. O-O Nxe5 14. d6 Be6 15.
Nd5 Nbd7 16. Nc7 Nxf3+ 17. Bxf3 c4 18. Nxa8 Rxa8 19. Be7 Bxb2 20. Bg4 f5 21.
Qe2 Qe5 22. Rab1 Bd4+ 23. Kh1 fxg4 24. Qxe5 Bxe5 25. Rxb7 Rb8 26. Rxb8+ Nxb8
27. Rf8+ Kg7 28. Rxb8 c3 29. Bf8+ Kf6 30. Be7+ Kf5 31. Rf8+ Ke4 32. Rf1 h6 33.
Re1+ Kd5 34. Rd1+ Kc4 35. d7 Bxd7 36. Rxd7 c2 37. Ba3 a5 38. Rd8 Bf4 39. Kg1
Bg5 40. Rd7 a4 41. Kf2 Kc3 42. Rc7+ 1/2-1/2

[Event "Landesklasse West 2011/2012"]
[Site "?"]
[Date "2011.04.01"]
[Round "8"]
[White "Fink, Klaus"]
[Black "Gast, Rainer"]
[Result "1-0"]
[WhiteElo "1961"]
[BlackElo "1943"]
[PlyCount "93"]
[EventDate "2011.??.??"]
[WhiteTeam "TSG Ruhla"]
[BlackTeam "SV Breitenworbis"]

1. e4 c5 2. Nf3 e6 3. d4 cxd4 4. Nxd4 Nf6 5. f3 d6 6. Be3 Be7 7. Nc3 a6 8. a4
Qc7 9. Qd2 O-O 10. Bd3 Nc6 11. Nxc6 bxc6 12. a5 c5 13. Na4 Nd7 14. O-O d5 15.
exd5 exd5 16. Bf4 Bd6 17. Bxd6 Qxd6 18. Be4 Nf6 19. Rfd1 Nxe4 20. fxe4 d4 21.
c3 Bg4 22. Re1 Rad8 23. Qg5 Bd7 24. Qxc5 Bxa4 25. Qxd6 Rxd6 26. Rxa4 dxc3 27.
bxc3 Rc8 28. Rb4 Kf8 29. Rb6 Rd2 30. Re3 Ra2 31. Rxa6 Rd8 32. h4 Rdd2 33. Rg3
g6 34. e5 Re2 35. e6 fxe6 36. Ra7 Kg8 37. h5 Re1+ 38. Kh2 Raa1 39. Rd3 Red1 40.
Rxd1 Rxd1 41. h6 Rd5 42. Rg7+ Kf8 43. a6 Ra5 44. a7 e5 45. Rxh7 Kg8 46. Rc7 e4
47. Rc8+ 1-0

[Event "Landesklasse West 2011/2012"]
[Site "?"]
[Date "2011.04.01"]
[Round "8"]
[White "Leibeling, Lucian"]
[Black "Kirsch, Uwe"]
[Result "1-0"]
[WhiteElo "1832"]
[BlackElo "1863"]
[PlyCount "34"]
[EventDate "2011.??.??"]
[WhiteTeam "SV Breitenworbis"]
[BlackTeam "TSG Ruhla"]

1. c4 Nf6 2. Nc3 g6 3. d3 Bg7 4. g3 O-O 5. Bg2 d6 6. e4 e5 7. Nge2 Bg4 8. f3
Be6 9. O-O Qd7 10. Nd5 c6 11. Nxf6+ Bxf6 12. Bh6 Re8 13. Qc2 a5 14. f4 Bh8 15.
Rf2 f5 16. Raf1 d5 17. fxe5 fxe4 1-0

[Event "Landesklasse West 2011/2012"]
[Site "?"]
[Date "2011.04.01"]
[Round "8"]
[White "Thrän, Uwe"]
[Black "Eipel, Andreas"]
[Result "1/2-1/2"]
[WhiteElo "1800"]
[BlackElo "1725"]
[PlyCount "59"]
[EventDate "2011.??.??"]
[WhiteTeam "TSG Ruhla"]
[BlackTeam "SV Breitenworbis"]

1. d4 d5 2. c4 dxc4 3. Nf3 Nf6 4. e3 Bg4 5. Bxc4 e6 6. O-O Bd6 7. Nc3 Nbd7 8.
Be2 O-O 9. h3 Bh5 10. e4 e5 11. d5 Nc5 12. Nd2 Bg6 13. Bf3 h6 14. Qe2 Nh7 15.
Nc4 f5 16. Nxd6 cxd6 17. b4 fxe4 18. Nxe4 Nxe4 19. Bxe4 Bxe4 20. Qxe4 Nf6 21.
Qd3 a6 22. Be3 Qd7 23. Rac1 Rac8 24. Rxc8 Rxc8 25. a3 Qb5 26. Qg6 Qe8 27. Qd3
Qb5 28. Qg6 Qe8 29. Qd3 Qb5 30. Qg6 1/2-1/2

[Event "Landesklasse West 2011/2012"]
[Site "?"]
[Date "2011.04.01"]
[Round "8"]
[White "Biel, Peter"]
[Black "Büchel, Bernd"]
[Result "1/2-1/2"]
[WhiteElo "1694"]
[BlackElo "1801"]
[PlyCount "52"]
[EventDate "2011.??.??"]
[WhiteTeam "SV Breitenworbis"]
[BlackTeam "TSG Ruhla"]

1. e4 d5 2. exd5 Nf6 3. d4 Nxd5 4. c4 Nb6 5. Nc3 e5 6. Nf3 exd4 7. Qxd4 Qxd4 8.
Nxd4 c6 9. Bd3 Be7 10. O-O O-O 11. Nc2 Be6 12. b3 Rd8 13. Rd1 Bf6 14. Bb2 N8d7
15. Ne3 Nc5 16. Bc2 a5 17. Rxd8+ Rxd8 18. Rd1 Rxd1+ 19. Ncxd1 Bxb2 20. Nxb2 h6
21. f3 Kf8 22. Kf2 Ke7 23. Nd3 Nxd3+ 24. Bxd3 Kd6 25. Nc2 Nd7 26. Ke3 Nc5
1/2-1/2

[Event "Landesklasse West 2011/2012"]
[Site "?"]
[Date "2011.04.01"]
[Round "8"]
[White "Hagen, Matthias"]
[Black "Hermann, Ingo"]
[Result "0-1"]
[WhiteElo "1638"]
[BlackElo "1852"]
[PlyCount "110"]
[EventDate "2011.??.??"]
[WhiteTeam "TSG Ruhla"]
[BlackTeam "SV Breitenworbis"]

1. e4 e6 2. d3 d5 3. Nd2 Nf6 4. Ngf3 c5 5. g3 Nc6 6. Bg2 Be7 7. O-O b6 8. Re1
Bb7 9. e5 Nd7 10. c3 Qc7 11. d4 h6 12. Nf1 O-O-O 13. a3 g5 14. Be3 c4 15. N3d2
Na5 16. b3 Kb8 17. bxc4 Nxc4 18. Nxc4 Qxc4 19. Qc2 Rc8 20. Rec1 Ba6 21. Nd2 Qd3
22. Bf1 Qxc2 23. Rxc2 Bxf1 24. Kxf1 Rc7 25. Ke2 Rhc8 26. Kd3 Kb7 27. a4 Nb8 28.
Raa2 Nc6 29. Nb1 Na5 30. Bc1 Nc4 31. Ba3 Nxa3 32. Nxa3 Rc6 33. Nb1 f6 34. f4 f5
35. Nd2 gxf4 36. gxf4 Rg8 37. Nf3 Rg4 38. Ke3 Ka6 39. Rc1 h5 40. Rac2 Rc4 41.
Nd2 Rxa4 42. c4 Ra3+ 43. Rc3 Rxc3+ 44. Rxc3 Bb4 45. Rc2 Bxd2+ 46. Rxd2 dxc4 47.
d5 exd5 48. e6 Rg6 49. Kd4 Rxe6 50. Kxd5 Re4 51. Kc6 Ka5 52. Rd5+ Kb4 53. Rxf5
c3 54. Rb5+ Ka4 55. Rb1 Rxf4 0-1

[Event "Landesklasse West 2011/2012"]
[Site "?"]
[Date "2011.04.01"]
[Round "8"]
[White "Petiko, Nikolai"]
[Black "Voß, Ewald"]
[Result "1-0"]
[WhiteElo "1921"]
[BlackElo "1648"]
[PlyCount "85"]
[EventDate "2011.??.??"]
[WhiteTeam "SV Breitenworbis"]
[BlackTeam "TSG Ruhla"]

1. e4 e5 2. Nf3 Nc6 3. Bc4 Bc5 4. c3 Nf6 5. d3 O-O 6. b4 Bb6 7. a4 a6 8. Bg5
Qe7 9. O-O d6 10. Nbd2 Be6 11. a5 Ba7 12. Bb3 Nb8 13. d4 Nbd7 14. Re1 h6 15.
Bh4 Bxb3 16. Qxb3 Qe8 17. b5 g5 18. Bg3 Nh5 19. bxa6 bxa6 20. Qc4 Nxg3 21. hxg3
c5 22. dxe5 Nxe5 23. Nxe5 Qxe5 24. Nf3 Qe6 25. Qxa6 c4 26. Qc6 Rac8 27. Qd5 Rc5
28. Qb7 Bb8 29. Nd4 Qc8 30. Qxc8 Rfxc8 31. Nf5 Kh7 32. Reb1 Bc7 33. a6 Ra8 34.
a7 d5 35. exd5 Rxd5 36. Ne3 Rc5 37. Rb7 Kg6 38. Ra6+ f6 39. Ng4 Kf5 40. f3 Be5
41. Nxe5 Kxe5 42. Rb8 Rc8 43. Rxc8 1-0

[Event "Landesklasse West 2011/2012"]
[Site "?"]
[Date "2011.04.01"]
[Round "8"]
[White "Brückmann, Volker"]
[Black "Hermann, Frank"]
[Result "1-0"]
[WhiteElo "1750"]
[BlackElo "1534"]
[PlyCount "53"]
[EventDate "2011.??.??"]
[WhiteTeam "TSG Ruhla"]
[BlackTeam "SV Breitenworbis"]

1. c4 e5 2. Nc3 Nf6 3. d3 Bb4 4. Bd2 O-O 5. g3 Nc6 6. Bg2 d6 7. a3 Bxc3 8. Bxc3
Rb8 9. Nf3 Bd7 10. O-O Re8 11. e4 b5 12. cxb5 Rxb5 13. b4 Qb8 14. h3 a6 15. Qd2
Be6 16. Rfc1 Rb6 17. Kh2 Rc8 18. Ng5 Bb3 19. f4 Nd4 20. Bxd4 exd4 21. Qb2 Ba4
22. Qxd4 h6 23. Nf3 c6 24. Nd2 Rb5 25. Nc4 d5 26. Nb2 c5 27. Qc3 1-0

[Event "Landesklasse West 2011/2012"]
[Site "?"]
[Date "2011.04.29"]
[Round "9"]
[White "Töpfer, Albrecht"]
[Black "Lehmann, Peter"]
[Result "1/2-1/2"]
[WhiteElo "1851"]
[BlackElo "1908"]
[PlyCount "85"]
[EventDate "2011.??.??"]
[WhiteTeam "Ilmenauer SV"]
[BlackTeam "ESV Lok Meiningen"]

1. c4 Nf6 2. g3 c6 3. Bg2 d5 4. Nf3 Nbd7 5. cxd5 cxd5 6. Nc3 e6 7. O-O Be7 8.
d3 O-O 9. e4 d4 10. Nxd4 Nc5 11. Be3 e5 12. Nf3 Bg4 13. Bxc5 Bxc5 14. h3 Bxf3
15. Qxf3 Rc8 16. Qe2 Qd4 17. Kh2 Rfd8 18. Rad1 Bb4 19. Nd5 Nxd5 20. exd5 Bd6
21. Rc1 Rxc1 22. Rxc1 b5 23. Rc6 Bc5 24. Qc2 Bb6 25. Rc8 g6 26. Rxd8+ Bxd8 27.
Qc8 Qb6 28. Kg1 Qc7 29. Qa8 Kg7 30. Qc6 Qxc6 31. dxc6 Kf6 32. Kf1 Ke6 33. Ke2
Bb6 34. Be4 Bd4 35. b3 b4 36. h4 Bb6 37. f4 Bc7 38. fxe5 Kxe5 39. Bf3 f5 40. g4
fxg4 41. Bxg4 h6 42. Ke3 Bb6+ 43. Ke2 1/2-1/2

[Event "Landesklasse West 2011/2012"]
[Site "?"]
[Date "2011.04.29"]
[Round "9"]
[White "Hocke, Sebastian"]
[Black "Ortlepp, Steffen"]
[Result "1-0"]
[WhiteElo "1846"]
[BlackElo "1826"]
[PlyCount "45"]
[EventDate "2011.??.??"]
[WhiteTeam "ESV Lok Meiningen"]
[BlackTeam "Ilmenauer SV"]

1. e4 c5 2. Nf3 Nc6 3. d4 cxd4 4. Nxd4 g6 5. c4 Bg7 6. Be3 Nf6 7. Nc3 d6 8. Be2
Qa5 9. O-O O-O 10. f4 Nxd4 11. Bxd4 Be6 12. f5 Bd7 13. fxg6 fxg6 14. c5 Bc6 15.
cxd6 exd6 16. Qd3 Rad8 17. Qc4+ Kh8 18. b4 Qg5 19. Rad1 Rde8 20. a4 Bxe4 21.
Nxe4 Rxe4 22. Rxf6 Rfe8 23. Rf8+ 1-0

[Event "Landesklasse West 2011/2012"]
[Site "?"]
[Date "2011.04.29"]
[Round "9"]
[White "Sukaylo, Aleksey"]
[Black "Grube, Jan"]
[Result "1-0"]
[WhiteElo "1931"]
[BlackElo "1780"]
[PlyCount "161"]
[EventDate "2011.??.??"]
[WhiteTeam "Ilmenauer SV"]
[BlackTeam "ESV Lok Meiningen"]

1. e4 c5 2. Nf3 Nc6 3. d4 cxd4 4. Nxd4 g6 5. c4 Bg7 6. Be3 d6 7. Nc3 Nf6 8. Be2
O-O 9. Qd2 Qa5 10. f3 Be6 11. O-O Rfe8 12. Rfd1 Nxd4 13. Bxd4 a6 14. Rac1 Rac8
15. b3 Qh5 16. Be3 Nd7 17. Nd5 Bxd5 18. exd5 Qe5 19. Rc2 f5 20. Bg5 Bf8 21. Bf1
Qg7 22. Re1 h6 23. Be3 g5 24. Bd4 Qf7 25. f4 Bg7 26. Bxg7 Qxg7 27. Bd3 Rf8 28.
b4 Rc7 29. Qe3 gxf4 30. Qxe7 Ne5 31. Qxg7+ Rxg7 32. Rxe5 dxe5 33. Bf1 e4 34. c5
f3 35. Kf2 Rc7 36. gxf3 exf3 37. Kxf3 Rd8 38. Bc4 a5 39. d6+ Rf7 40. Bxf7+ Kxf7
41. a3 axb4 42. axb4 Ke6 43. Kf4 b6 44. c6 Rg8 45. d7 Rg4+ 46. Kf3 Rg8 47. h4
Kd6 48. c7 Kxd7 49. c8=Q+ Rxc8 50. Rxc8 Kxc8 51. Kf4 Kd7 52. Kxf5 Kc6 53. Kg6
Kb5 54. Kxh6 Kxb4 55. Kg5 Ka3 56. h5 b5 57. h6 b4 58. h7 b3 59. h8=Q b2 60.
Qa8+ Kb3 61. Qb7+ Kc2 62. Qc6+ Kd2 63. Qd5+ Kc2 64. Qc4+ Kd2 65. Qb3 Kc1 66.
Qc3+ Kb1 67. Kf4 Ka2 68. Qa5+ Kb3 69. Qb5+ Kc2 70. Qc4+ Kd2 71. Qb3 Kc1 72.
Qc3+ Kb1 73. Ke3 Ka2 74. Qa5+ Kb3 75. Qb5+ Kc2 76. Qc4+ Kd1 77. Qb3+ Kc1 78.
Qc3+ Kb1 79. Kd2 Ka2 80. Qa5+ Kb1 81. Qb4 1-0

[Event "Landesklasse West 2011/2012"]
[Site "?"]
[Date "2011.04.29"]
[Round "9"]
[White "Von Otte, Wilhelm"]
[Black "Lorenz, Erik Roman"]
[Result "1-0"]
[WhiteElo "1849"]
[BlackElo "1660"]
[PlyCount "59"]
[EventDate "2011.??.??"]
[WhiteTeam "ESV Lok Meiningen"]
[BlackTeam "Ilmenauer SV"]

1. e4 c5 2. c3 Nf6 3. e5 Nd5 4. Bc4 Nb6 5. Bb3 d6 6. Nf3 e6 7. O-O c4 8. Bc2
dxe5 9. Nxe5 Bd6 10. Nf3 Nc6 11. b3 Qc7 12. bxc4 Nxc4 13. d4 Bd7 14. Qe2 Nb6
15. a4 Ne7 16. Na3 Qxc3 17. Bd2 Qc7 18. Rfc1 Bc6 19. a5 Nbd5 20. a6 Ng6 21.
axb7 Qxb7 22. Nc4 Qd7 23. Bxg6 hxg6 24. Nfe5 Bxe5 25. Nxe5 Bb5 26. Qf3 Qe7 27.
Rc5 Rb8 28. Bg5 Qb7 29. Rxb5 Qxb5 30. Qxf7# 1-0

[Event "Landesklasse West 2011/2012"]
[Site "?"]
[Date "2011.04.29"]
[Round "9"]
[White "Leuner, Klaus"]
[Black "Jörges, Frank"]
[Result "1-0"]
[WhiteElo "1860"]
[BlackElo "1803"]
[PlyCount "57"]
[EventDate "2011.??.??"]
[WhiteTeam "Ilmenauer SV"]
[BlackTeam "ESV Lok Meiningen"]

1. d4 d5 2. c4 c6 3. Nc3 e6 4. Nf3 Bd6 5. e4 dxe4 6. Nxe4 Bb4+ 7. Bd2 Bxd2+ 8.
Qxd2 Nf6 9. Bd3 Nxe4 10. Bxe4 Nd7 11. O-O Nf6 12. Bd3 b6 13. Qe2 O-O 14. Rfd1
Bb7 15. b4 Qc7 16. c5 bxc5 17. bxc5 Qf4 18. g3 Qc7 19. Ne5 Nd7 20. Nc4 e5 21.
Nxe5 Rae8 22. f4 f6 23. Bc4+ Kh8 24. Nf7+ Rxf7 25. Qxe8+ Rf8 26. Qe7 Qd8 27.
Re1 Bc8 28. Rad1 Qa5 29. Be6 1-0

[Event "Landesklasse West 2011/2012"]
[Site "?"]
[Date "2011.04.29"]
[Round "9"]
[White "Weiß, Daniel"]
[Black "Schenk, Stefan"]
[Result "0-1"]
[WhiteElo "1783"]
[BlackElo "1839"]
[PlyCount "56"]
[EventDate "2011.??.??"]
[WhiteTeam "ESV Lok Meiningen"]
[BlackTeam "Ilmenauer SV"]

1. e4 c5 2. Nf3 d6 3. Bb5+ Bd7 4. Bxd7+ Nxd7 5. O-O Ngf6 6. Re1 g6 7. c3 Bg7 8.
d4 e5 9. dxe5 dxe5 10. Bg5 Qc7 11. Nbd2 O-O 12. Qc2 c4 13. Bxf6 Nxf6 14. Qa4
Rfc8 15. Rad1 a6 16. Nf1 b5 17. Qc2 Bh6 18. a4 Rd8 19. h4 Qc5 20. N3h2 Nh5 21.
Ne3 Bxe3 22. Rxe3 Nf4 23. axb5 axb5 24. Rxd8+ Rxd8 25. Nf3 Rd3 26. Re1 Rxf3 27.
gxf3 Qc8 28. Qd2 h6 0-1

[Event "Landesklasse West 2011/2012"]
[Site "?"]
[Date "2011.04.29"]
[Round "9"]
[White "Minor, Viatcheslav"]
[Black "Essegern, Kurt"]
[Result "0-1"]
[WhiteElo "1991"]
[BlackElo "1979"]
[PlyCount "72"]
[EventDate "2011.??.??"]
[WhiteTeam "SV Wartburgstadt Eisenach"]
[BlackTeam "Randspringer Bad Salzungen"]

1. e4 c5 2. c3 Nf6 3. d3 e5 4. Nf3 Nc6 5. Nbd2 g6 6. g3 Bg7 7. Nc4 d6 8. a4 O-O
9. Bg2 Nh5 10. O-O f5 11. Qb3 Kh8 12. a5 f4 13. a6 b6 14. gxf4 Nxf4 15. Bxf4
Rxf4 16. Ne3 Qf8 17. Nd2 Na5 18. Qc2 Be6 19. Nd5 Rf7 20. b4 cxb4 21. Nxb4 Rc8
22. Nd5 Bh6 23. Ra3 Nc6 24. Nc4 b5 25. Nce3 b4 26. Rb3 Nd4 27. Qd1 Nxb3 28.
Qxb3 Bxe3 29. fxe3 Rxf1+ 30. Bxf1 Rxc3 31. Qb2 Bxd5 32. exd5 Qf3 33. Qd2 Qxd5
34. Qf2 Kg7 35. Qh4 Qf7 36. Qe1 Qc7 0-1

[Event "Landesklasse West 2011/2012"]
[Site "?"]
[Date "2011.04.29"]
[Round "9"]
[White "Hübschmann, Holger"]
[Black "Hanel, Paul"]
[Result "1/2-1/2"]
[WhiteElo "1915"]
[BlackElo "1858"]
[PlyCount "142"]
[EventDate "2011.??.??"]
[WhiteTeam "Randspringer Bad Salzungen"]
[BlackTeam "SV Wartburgstadt Eisenach"]

1. Nf3 Nf6 2. g3 e6 3. Bg2 Be7 4. d3 d5 5. c3 c5 6. O-O O-O 7. Qc2 Nc6 8. Nbd2
b5 9. e4 b4 10. Nb3 a5 11. Be3 bxc3 12. bxc3 Nd7 13. h4 Ba6 14. exd5 exd5 15.
Ng5 Nde5 16. Rfd1 h6 17. Nh3 c4 18. dxc4 Bxc4 19. Nf4 a4 20. Nc5 Rc8 21. Nxd5
Qa5 22. Nb7 Qa6 23. Nxe7+ Nxe7 24. Rd6 Bd3 25. Rxa6 Bxc2 26. Rc1 Rxc3 27. Bd4
Nd3 28. Bxc3 Nxc1 29. Bb4 Re8 30. a3 Ne2+ 31. Kh2 Ng6 32. Nd6 Rb8 33. Bc6 Ne5
34. Bxa4 Bxa4 35. Rxa4 Nd3 36. Kg2 Nd4 37. Bc3 Nb5 38. Nxb5 Rxb5 39. Ra8+ Kh7
40. Ra7 Rb3 41. Bd4 Kg8 42. a4 Rb4 43. Be3 Ne5 44. a5 Nc4 45. Bf4 f6 46. a6 g5
47. Rb7 Ra4 48. a7 gxf4 49. Rb8+ Kf7 50. a8=Q Rxa8 51. Rxa8 fxg3 52. fxg3 Kg6
53. Rg8+ Kf7 54. Rh8 Kg7 55. Rc8 Ne5 56. Kf2 Kg6 57. Ke3 Kf5 58. Rg8 Ng4+ 59.
Kd4 Nf2 60. Rh8 Ng4 61. Kd5 Ne3+ 62. Kd6 Kg4 63. Rg8+ Kh3 64. Ke6 Nf1 65. Kxf6
Nxg3 66. Rxg3+ Kxg3 67. h5 Kf4 68. Kg6 Ke5 69. Kxh6 Kf6 70. Kh7 Kf7 71. h6 Kf8
1/2-1/2

[Event "Landesklasse West 2011/2012"]
[Site "?"]
[Date "2011.04.29"]
[Round "9"]
[White "Schwarz, Hilmar"]
[Black "Schulz, Tilo"]
[Result "1/2-1/2"]
[WhiteElo "1779"]
[BlackElo "1870"]
[PlyCount "21"]
[EventDate "2011.??.??"]
[WhiteTeam "SV Wartburgstadt Eisenach"]
[BlackTeam "Randspringer Bad Salzungen"]

1. e4 c5 2. Nf3 d6 3. d4 cxd4 4. Nxd4 Nf6 5. Nc3 a6 6. Bd3 Nc6 7. Nxc6 bxc6 8.
O-O e5 9. Qe1 Be7 10. Kh1 O-O 11. f4 1/2-1/2

[Event "Landesklasse West 2011/2012"]
[Site "?"]
[Date "2011.04.29"]
[Round "9"]
[White "Essegern, Uwe"]
[Black "Neef, Michael"]
[Result "1/2-1/2"]
[WhiteElo "1875"]
[BlackElo "1879"]
[PlyCount "44"]
[EventDate "2011.??.??"]
[WhiteTeam "Randspringer Bad Salzungen"]
[BlackTeam "SV Wartburgstadt Eisenach"]

1. e4 d5 2. exd5 Qxd5 3. Nc3 Qd6 4. d4 c6 5. Nf3 Bg4 6. Be3 e6 7. h3 Bh5 8. g4
Bg6 9. Ne5 Nd7 10. Nxg6 hxg6 11. Qf3 Qc7 12. O-O-O Bd6 13. Ne4 Ngf6 14. Nxd6+
Qxd6 15. Bf4 Qd5 16. Qxd5 Nxd5 17. Bd6 N7f6 18. Bg2 O-O-O 19. Be5 g5 20. c4 Nf4
21. Bxf4 gxf4 22. Rhe1 g5 1/2-1/2

[Event "Landesklasse West 2011/2012"]
[Site "?"]
[Date "2011.04.29"]
[Round "9"]
[White "Königsdörfer, Gerhard"]
[Black "Roth, Ralf"]
[Result "1/2-1/2"]
[WhiteElo "1864"]
[BlackElo "1853"]
[PlyCount "48"]
[EventDate "2011.??.??"]
[WhiteTeam "SV Wartburgstadt Eisenach"]
[BlackTeam "Randspringer Bad Salzungen"]

1. e4 d6 2. f4 g6 3. Nf3 Bg7 4. Nc3 Nf6 5. d4 O-O 6. Bd3 c5 7. dxc5 dxc5 8. O-O
Nc6 9. e5 Nd5 10. Nxd5 Qxd5 11. Qe2 Bg4 12. c3 Rad8 13. Be4 Qd7 14. Be3 b6 15.
Rad1 Qc7 16. h3 Bf5 17. Bf2 Bxe4 18. Qxe4 e6 19. Bh4 Ne7 20. g4 Rxd1 21. Rxd1
Rd8 22. Rxd8+ Qxd8 23. Bxe7 Qxe7 24. Qd3 Qb7 1/2-1/2

[Event "Landesklasse West 2011/2012"]
[Site "?"]
[Date "2011.04.29"]
[Round "9"]
[White "Feldmann, Bernd"]
[Black "Heyl, Peter"]
[Result "1-0"]
[WhiteElo "1818"]
[BlackElo "1676"]
[PlyCount "39"]
[EventDate "2011.??.??"]
[WhiteTeam "Randspringer Bad Salzungen"]
[BlackTeam "SV Wartburgstadt Eisenach"]

1. d4 d5 2. Nf3 Nf6 3. Bg5 e6 4. Nbd2 Be7 5. c3 O-O 6. Qc2 b6 7. e4 dxe4 8.
Nxe4 Bb7 9. Bd3 h6 10. Bxf6 Bxf6 11. Qe2 Nd7 12. g4 Re8 13. O-O-O e5 14. d5
Bxd5 15. h4 g6 16. g5 Bg7 17. h5 Nc5 18. gxh6 Nxd3+ 19. Qxd3 Bxa2 20. Qa6 1-0

[Event "Landesklasse West 2011/2012"]
[Site "?"]
[Date "2011.04.29"]
[Round "9"]
[White "Ulbricht, Olaf"]
[Black "Kunze, Heinz"]
[Result "0-1"]
[WhiteElo "1634"]
[BlackElo "1701"]
[PlyCount "76"]
[EventDate "2011.??.??"]
[WhiteTeam "SV Wartburgstadt Eisenach"]
[BlackTeam "Randspringer Bad Salzungen"]

1. e4 c5 2. Nf3 Nc6 3. d4 cxd4 4. Nxd4 e6 5. Nxc6 bxc6 6. b3 Qf6 7. c3 Bc5 8.
Qc2 Ne7 9. Bb2 O-O 10. Bd3 e5 11. f3 Re8 12. Nd2 Kh8 13. O-O-O d5 14. Rdf1 Ng6
15. g3 Bh3 16. Rd1 Be3 17. exd5 cxd5 18. Rhe1 Qxf3 19. Kb1 Bxd2 20. Qxd2 Rad8
21. Re3 Qf6 22. Qe2 Qe6 23. Qf2 Ne7 24. Rde1 f6 25. Ka1 Qf7 26. Be2 Be6 27.
Rxe5 fxe5 28. Qxa7 Ng6 29. Qb6 Rb8 30. Qe3 Ra8 31. a4 Reb8 32. Rf1 Qb7 33. Bd1
Rxa4+ 34. Kb1 Raa8 35. Qf2 Rf8 36. Qg2 Bf5+ 37. Kc1 Be4 38. Qg1 Qb5 0-1

[Event "Landesklasse West 2011/2012"]
[Site "?"]
[Date "2011.04.29"]
[Round "9"]
[White "Mäurer, Michael"]
[Black "Hilbert, Stephan-Jörg"]
[Result "1/2-1/2"]
[WhiteElo "1643"]
[BlackElo "1745"]
[PlyCount "117"]
[EventDate "2011.??.??"]
[WhiteTeam "Randspringer Bad Salzungen"]
[BlackTeam "SV Wartburgstadt Eisenach"]

1. b3 d5 2. e3 Nf6 3. Bb2 Bf5 4. Nf3 c5 5. Bb5+ Bd7 6. Bxd7+ Nbxd7 7. O-O e6 8.
Ne5 Nxe5 9. Bxe5 Bd6 10. Bxd6 Qxd6 11. d4 O-O 12. c3 Rfc8 13. Nd2 b5 14. Nf3 a5
15. a3 Ne4 16. Qe1 c4 17. b4 Ra7 18. Qc1 Rca8 19. Qb2 axb4 20. axb4 Qc7 21.
Rfc1 f6 22. Ne1 Ra4 23. f3 Nd6 24. Rxa4 Rxa4 25. Ra1 Qa7 26. Nc2 Kf7 27. Kf2 e5
28. dxe5 fxe5 29. Rxa4 Qxa4 30. Na1 Ke6 31. Ke2 h5 32. Kd2 Nf5 33. g4 Nh4 34.
Ke2 Qa7 35. Qb1 Qf7 36. Qf1 hxg4 37. fxg4 Qxf1+ 38. Kxf1 Nf3 39. Kf2 Nd2 40.
Ke2 Ne4 41. Nc2 Nxc3+ 42. Kf3 Ne4 43. Kg2 c3 44. Kf3 g5 45. Ke2 Kd6 46. h3 Ke6
47. Kf3 Nd6 48. Ke2 e4 49. Kf2 Ke5 50. Ke2 Nc4 51. Kf2 Nb2 52. Kf1 Nd3 53. Ke2
Nc1+ 54. Kd1 Nb3 55. Na3 d4 56. Nxb5 Kd5 57. exd4 Nxd4 58. Nxc3+ Ke5 59. b5
1/2-1/2

[Event "Landesklasse West 2011/2012"]
[Site "?"]
[Date "2011.04.29"]
[Round "9"]
[White "August, Daniel"]
[Black "Dawydow, Alexej"]
[Result "1-0"]
[WhiteElo "1839"]
[BlackElo "1940"]
[PlyCount "129"]
[EventDate "2011.??.??"]
[WhiteTeam "TSG Ruhla"]
[BlackTeam "SV Ammern"]

1. Nf3 d5 2. g3 c6 3. Bg2 Nd7 4. O-O e5 5. d3 Ngf6 6. Nbd2 Bd6 7. e4 O-O 8. b3
Re8 9. Bb2 Nf8 10. Re1 Ng6 11. Nf1 b5 12. a4 b4 13. Ne3 Ng4 14. Nxg4 Bxg4 15.
h3 Bd7 16. Nd2 Be6 17. Qh5 f6 18. Nf1 Qd7 19. Ne3 Bc7 20. Rad1 Rad8 21. Kh2 Qf7
22. d4 Bb6 23. exd5 cxd5 24. dxe5 fxe5 25. Qf3 Qxf3 26. Bxf3 e4 27. Bh5 Rf8 28.
Kg2 Ne7 29. Bg4 Bxg4 30. hxg4 Rf3 31. Bd4 Rc8 32. Re2 Bc7 33. Bxa7 Nc6 34. Bd4
Rd8 35. Bb2 d4 36. Nf5 g6 37. Nh4 Rf7 38. Rxe4 Rdf8 39. Rd2 Bb6 40. f4 Rd7 41.
Re6 Rc8 42. Nf3 Ba7 43. Ng5 Ne7 44. Ne4 Kf7 45. Rf6+ Kg8 46. Rxg6+ Kf7 47. Rf6+
Kg7 48. Rd6 Rdc7 49. Bxd4+ Bxd4 50. R6xd4 Rxc2 51. Kf3 Rc1 52. Rxb4 Rf1+ 53.
Rf2 Rb1 54. Rb7 Kf8 55. Rd2 Rcc1 56. Rd8+ Kf7 57. Ng5+ Kf6 58. Rd6+ Kg7 59.
Rxe7+ Kf8 60. Re3 Rf1+ 61. Ke4 Ke7 62. Kd5+ Kf8 63. Rd8+ Kg7 64. Re7+ Kf6 65.
Rf7+ 1-0

[Event "Landesklasse West 2011/2012"]
[Site "?"]
[Date "2011.04.29"]
[Round "9"]
[White "Kampfhenkel, Ulrich"]
[Black "Fink, Klaus"]
[Result "1-0"]
[WhiteElo "2003"]
[BlackElo "1961"]
[PlyCount "41"]
[EventDate "2011.??.??"]
[WhiteTeam "SV Ammern"]
[BlackTeam "TSG Ruhla"]

1. e4 e6 2. d4 d5 3. Nc3 Nf6 4. Bg5 dxe4 5. Nxe4 Be7 6. Bxf6 Bxf6 7. Nf3 Be7 8.
Qd2 Nd7 9. O-O-O Nf6 10. Nxf6+ Bxf6 11. Kb1 Qd6 12. Qe3 Bd7 13. Bc4 O-O 14. Ne5
g6 15. h4 h5 16. g4 hxg4 17. Nxg4 Bg7 18. h5 f5 19. Nh6+ Kh8 20. hxg6 f4 21.
Qh3 1-0

[Event "Landesklasse West 2011/2012"]
[Site "?"]
[Date "2011.04.29"]
[Round "9"]
[White "Kirsch, Uwe"]
[Black "Wegerich, Michael"]
[Result "1-0"]
[WhiteElo "1863"]
[BlackElo "1990"]
[PlyCount "55"]
[EventDate "2011.??.??"]
[WhiteTeam "TSG Ruhla"]
[BlackTeam "SV Ammern"]

1. d4 c5 2. d5 Nf6 3. c4 Ne4 4. e3 Qa5+ 5. Nd2 g6 6. Bd3 Nd6 7. Qc2 Bg7 8. a3
O-O 9. Ngf3 Na6 10. Rb1 Rb8 11. O-O b5 12. b3 bxc4 13. bxc4 Rxb1 14. Nxb1 Qb6
15. Nc3 Bb7 16. Bd2 Rb8 17. Rb1 Qd8 18. e4 Ba8 19. Nb5 Nc8 20. Qa4 Bb7 21. Ba5
Nb6 22. Qc2 Nc7 23. Nxa7 Nba8 24. Nb5 d6 25. Rb3 Qc8 26. Bxc7 Nxc7 27. Na7 Qd7
28. Nc6 1-0

[Event "Landesklasse West 2011/2012"]
[Site "?"]
[Date "2011.04.29"]
[Round "9"]
[White "Kurze, Christoph"]
[Black "Thrän, Uwe"]
[Result "1-0"]
[WhiteElo "1935"]
[BlackElo "1800"]
[PlyCount "77"]
[EventDate "2011.??.??"]
[WhiteTeam "SV Ammern"]
[BlackTeam "TSG Ruhla"]

1. e4 e6 2. d4 d5 3. Nd2 Nf6 4. e5 Nfd7 5. Qg4 c5 6. f4 cxd4 7. Ngf3 Nc6 8. a3
Qe7 9. b4 a6 10. Nb3 f6 11. Nbxd4 Nxd4 12. Nxd4 f5 13. Qh5+ g6 14. Qh3 Nb6 15.
Be2 Bd7 16. O-O Qf7 17. Qb3 Ba4 18. Qa2 Qd7 19. Be3 Rc8 20. Rfd1 Nc4 21. Bf2
Bh6 22. g3 O-O 23. Nb3 g5 24. Nc5 Qc6 25. Bxc4 dxc4 26. Qxc4 Rfe8 27. Rd6 Bb5
28. Qb3 Qc7 29. Rxe6 Kh8 30. Rxh6 gxf4 31. Bd4 Qg7 32. Rh4 Rcd8 33. Rxf4 Rxd4
34. Rxd4 Qxe5 35. Rad1 Bc6 36. Rd8 Rxd8 37. Rxd8+ Kg7 38. Qg8+ Kh6 39. Qe6+ 1-0